[Event "XXVe Open de Metz"]
[Site "Metz"]
[Date "2007.04.22"]
[Round "9.1"]
[White "Fedorchuk, Sergey A"]
[Black "Sikula, Vaszilij"]
[Result "1/2-1/2"]
[WhiteElo "2603"]
[BlackElo "2536"]
[PlyCount "48"]
[EventDate "2007.04.22"]

1. e4 c5 2. Nf3 e6 3. d4 cxd4 4. Nxd4 a6 5. Be2 Nf6 6. Nc3 Qc7 7. O-O d6 8. f4
Be7 9. Kh1 O-O 10. a4 Nc6 11. Be3 Re8 12. Bf3 Bd7 13. Nb3 b6 14. g4 Bc8 15. g5
Nd7 16. Bg2 Bb7 17. Qh5 Nb4 18. Rac1 Bf8 19. Rf3 g6 20. Qh4 Bg7 21. Rh3 Nf8 22.
Qf2 Nd7 23. Qh4 Nf8 24. Qf2 Nd7 1/2-1/2

[Event "XXVe Open de Metz"]
[Site "Metz"]
[Date "2007.04.22"]
[Round "9.2"]
[White "Shchekachev, Andrei"]
[Black "Eingorn, Vereslav S"]
[Result "1/2-1/2"]
[WhiteElo "2530"]
[BlackElo "2588"]
[PlyCount "53"]
[EventDate "2007.04.22"]

1. Nf3 Nf6 2. c4 e6 3. Nc3 b6 4. e4 Bb7 5. Bd3 d6 6. Bc2 c5 7. d4 cxd4 8. Nxd4
a6 9. O-O Be7 10. b3 O-O 11. Bb2 Nbd7 12. Qd2 Re8 13. Rae1 Bf8 14. f4 e5 15.
Nf5 b5 16. Kh1 bxc4 17. b4 exf4 18. Qxf4 Ne5 19. Qg3 g6 20. Rd1 Re6 21. Nd5
Bxd5 22. exd5 Re8 23. Nd4 Bg7 24. Nc6 Nh5 25. Qf2 Qc7 26. Bxe5 Bxe5 27. a4
1/2-1/2

[Event "XXVe Open de Metz"]
[Site "Metz"]
[Date "2007.04.22"]
[Round "9.3"]
[White "Petkov, Vladimir"]
[Black "Savchenko, Stanislav"]
[Result "1/2-1/2"]
[WhiteElo "2456"]
[BlackElo "2545"]
[PlyCount "43"]
[EventDate "2007.04.22"]

1. d4 d5 2. c4 c6 3. Nf3 Nf6 4. cxd5 cxd5 5. Nc3 Nc6 6. Bf4 Bf5 7. e3 e6 8. Bd3
Bxd3 9. Qxd3 Bd6 10. Bxd6 Qxd6 11. O-O O-O 12. Rfc1 Rfc8 13. Qb5 a6 14. Qe2 Ne7
15. Rc2 Rc7 16. Rac1 Rac8 17. Ne5 Nd7 18. Nxd7 Qxd7 19. Nd1 Rxc2 20. Rxc2 Rxc2
21. Qxc2 Qc6 22. Qxc6 1/2-1/2

[Event "XXVe Open de Metz"]
[Site "Metz"]
[Date "2007.04.22"]
[Round "9.4"]
[White "Malakhatko, Vadim"]
[Black "Krivoshey, Sergei"]
[Result "1-0"]
[WhiteElo "2598"]
[BlackElo "2475"]
[PlyCount "83"]
[EventDate "2007.04.22"]

1. d4 Nf6 2. c4 e6 3. Nc3 Bb4 4. Qc2 d5 5. a3 Bxc3+ 6. Qxc3 Ne4 7. Qc2 e5 8.
cxd5 Bf5 9. dxe5 c6 10. Qd1 cxd5 11. Nf3 Nc6 12. e3 O-O 13. Be2 Qa5+ 14. Bd2
Qb6 15. Bc3 Nxc3 16. bxc3 Be4 17. O-O Rfe8 18. Ng5 Nxe5 19. Nxe4 dxe4 20. Rb1
Qc7 21. Qd5 Nc6 22. Rfd1 Rad8 23. Qc4 Rxd1+ 24. Rxd1 g6 25. h3 Re5 26. a4 Qe7
27. Rd5 Kg7 28. Rb5 Rxb5 29. axb5 Na5 30. Qd4+ Qf6 31. Qb4 b6 32. Qxe4 Qxc3 33.
g4 Qc7 34. Qd3 Nb7 35. Qd4+ Kg8 36. Bf3 Nc5 37. Bd5 Qe7 38. Qf4 Kg7 39. h4 h6
40. g5 hxg5 41. hxg5 Nd3 42. Qd4+ 1-0

[Event "XXVe Open de Metz"]
[Site "Metz"]
[Date "2007.04.22"]
[Round "9.5"]
[White "Gharamian, Tigran"]
[Black "Burmakin, Vladimir"]
[Result "1/2-1/2"]
[WhiteElo "2471"]
[BlackElo "2593"]
[PlyCount "103"]
[EventDate "2007.04.22"]

1. e4 c6 2. d4 d5 3. Nc3 g6 4. h3 Bg7 5. Nf3 dxe4 6. Nxe4 Nd7 7. Bc4 Ngf6 8.
Qe2 Nxe4 9. Qxe4 Nf6 10. Qh4 Qa5+ 11. Bd2 Qh5 12. Qxh5 Nxh5 13. O-O-O Nf6 14.
Rhe1 e6 15. Ne5 O-O 16. g3 Nd5 17. Bf1 Rd8 18. Bg2 Bd7 19. c4 Nf6 20. Ba5 Rdc8
21. Kb1 Be8 22. Bb4 b6 23. Bd6 Bf8 24. Bxf8 Kxf8 25. Re3 Rc7 26. Red3 Rd8 27.
Kc2 Ng8 28. c5 b5 29. Nf3 f6 30. Nd2 g5 31. Re1 Bf7 32. b4 Ne7 33. Nb3 Bg6 34.
Be4 Nd5 35. a3 Kf7 36. Na5 Ne7 37. Kc3 Bxe4 38. Rxe4 Rcd7 39. Re1 e5 40. Nb3
Nf5 41. Re4 Ke6 42. g4 Nxd4 43. Nxd4+ Rxd4 44. Rdxd4 Rxd4 45. Rxd4 exd4+ 46.
Kxd4 f5 47. gxf5+ Kxf5 48. Ke3 h6 49. Kf3 h5 50. Kg3 Ke4 51. f3+ Ke5 52. h4
1/2-1/2

[Event "XXVe Open de Metz"]
[Site "Metz"]
[Date "2007.04.22"]
[Round "9.6"]
[White "Kasparov, Sergey"]
[Black "Wirig, Anthony"]
[Result "0-1"]
[WhiteElo "2536"]
[BlackElo "2443"]
[PlyCount "46"]

1. d4 d5 2. c4 c6 3. e3 Nf6 4. Nc3 a6 5. b3 Bf5 6. Bd3 Bxd3 7. Qxd3 e6 8. f4
Bb4 9. Nf3 Bxc3+ 10. Qxc3 Ne4 11. Qb4 Qe7 12. c5 O-O 13. Bd2 Qc7 14. Ke2 Nd7
15. Rag1 a5 16. Qa3 b6 17. cxb6 Qxb6 18. Rc1 Qb5+ 19. Ke1 Rfb8 20. Rf1 c5 21.
Ne5 Nxe5 22. fxe5 a4 23. dxc5 axb3 0-1

[Event "XXVe Open de Metz"]
[Site "Metz"]
[Date "2007.04.22"]
[Round "9.7"]
[White "Boidman, Yuri"]
[Black "Lalic, Bogdan"]
[Result "1-0"]
[WhiteElo "2438"]
[BlackElo "2519"]
[PlyCount "37"]

1. d4 Nf6 2. c4 g6 3. Nf3 Bg7 4. g3 d5 5. cxd5 Nxd5 6. Bg2 Nb6 7. Nc3 Nc6 8. e3
O-O 9. O-O Re8 10. d5 Na5 11. Nd4 Bd7 12. b3 Qc8 13. Bd2 c5 14. Nde2 Qd8 15.
Rc1 Bg4 16. Ne4 Nxd5 17. Rxc5 Bxe2 18. Qxe2 Nc6 19. Rxd5 1-0

[Event "XXVe Open de Metz"]
[Site "Metz"]
[Date "2007.04.22"]
[Round "9.8"]
[White "Struk, Jerzy"]
[Black "Gladyszev, Oleg"]
[Result "0-1"]
[WhiteElo "2265"]
[BlackElo "2485"]
[PlyCount "121"]

1. e4 c5 2. Nf3 e6 3. c3 Nf6 4. e5 Nd5 5. d4 cxd4 6. cxd4 d6 7. exd6 Bxd6 8.
Nc3 Nxc3 9. bxc3 Qc7 10. Bd2 Nd7 11. Bd3 b6 12. O-O Bb7 13. Re1 O-O 14. h3 Rfe8
15. Ng5 Nf6 16. Qc2 g6 17. Ne4 Nxe4 18. Bxe4 Bxe4 19. Rxe4 Qc4 20. Rae1 Rac8
21. Qb1 b5 22. h4 Qd5 23. Qb3 Rc4 24. R4e2 a6 25. Qb1 b4 26. cxb4 Rxd4 27. Bg5
Bxb4 28. Rf1 Be7 29. Bxe7 Rxe7 30. g3 Rb7 31. Qc1 Rbb4 32. Qc8+ Kg7 33. Qc3 Qc4
34. Qxc4 Rbxc4 35. Rb1 Rb4 36. Rc1 Rdc4 37. Rd1 Rb7 38. Kg2 Kf6 39. Rd3 a5 40.
Rf3+ Ke7 41. Re5 Ra4 42. Re2 h5 43. Rd3 Rab4 44. Ra3 a4 45. Re5 Ra7 46. Rd3 Rc4
47. Rb5 Rc6 48. Ra3 Rd6 49. Rb4 Rda6 50. Rc4 Kd6 51. Rd3+ Ke7 52. Ra3 e5 53. f4
Ke6 54. fxe5 Kxe5 55. Kf3 Kd5 56. Rc2 Rf6+ 57. Kg2 Ke4 58. Rac3 Rb6 59. Ra3 Rb4
60. Rac3 Re7 61. Ra3 {suite illisible} 0-1

[Event "XXVe Open de Metz"]
[Site "Metz"]
[Date "2007.04.22"]
[Round "9.9"]
[White "Spraggett, Kevin"]
[Black "Nguyen, Chi-Minh"]
[Result "1-0"]
[WhiteElo "2631"]
[BlackElo "2345"]
[PlyCount "73"]

1. e4 e6 2. d4 d5 3. Nc3 Bb4 4. e5 Ne7 5. a3 Bxc3+ 6. bxc3 c5 7. Nf3 Bd7 8. h4
Ba4 9. Bd3 c4 10. Be2 Qa5 11. Bd2 Nd7 12. Ng5 h6 13. Nh3 O-O-O 14. Nf4 Rde8 15.
Bg4 Nc6 16. h5 f6 17. exf6 Nxf6 18. Bh3 Ne4 19. Nxe6 Nxc3 20. Qf3 Nxd4 21. Qxc3
Qxc3 22. Bxc3 Nxe6 23. O-O-O Bc6 24. Rhe1 Kd7 25. Bxg7 Rh7 26. Bc3 Rf7 27. g3
Kd6 28. f4 b6 29. Be5+ Kc5 30. Bg2 Rg8 31. Bh3 Bd7 32. Re3 Nc7 33. Bg2 Bg4 34.
Rd2 Rd8 35. Bd4+ Kd6 36. Re5 Re8 37. Bxd5 1-0

[Event "XXVe Open de Metz"]
[Site "Metz"]
[Date "2007.04.22"]
[Round "9.10"]
[White "Kalinitschew, Sergey"]
[Black "Sandu, Mihaela"]
[Result "1-0"]
[WhiteElo "2488"]
[BlackElo "2226"]
[PlyCount "117"]

1. d4 Nf6 2. Nc3 d5 3. Bg5 g6 4. Qd2 Bg7 5. Bh6 O-O 6. Bxg7 Kxg7 7. e3 c5 8.
dxc5 Qa5 9. Ne4 Qxd2+ 10. Nxd2 a5 11. c4 dxc4 12. Nxc4 a4 13. Rc1 Nbd7 14. Nf3
Ne4 15. Be2 Nexc5 16. O-O Rb8 17. Rfd1 b6 18. Nd4 Ba6 19. Nc6 Rbe8 20. Kf1 Bxc4
21. Bxc4 Nb8 22. Nb4 Rd8 23. Bb5 e6 24. f3 h5 25. h4 Nbd7 26. Rd6 Ne5 27. Rxb6
Ncd3 28. Nxd3 Nxd3 29. Bxd3 Rxd3 30. Ke2 Rfd8 31. Rc2 R3d6 32. Rb4 Ra8 33. Rb7
Rda6 34. Rcc7 Rf8 35. e4 Kf6 36. Kd3 Rd6+ 37. Ke3 Rd1 38. Ra7 Rb1 39. Rcb7 Rg1
40. Kf2 Rd1 41. Rxa4 Rfd8 42. Raa7 Ke5 43. Rb5+ Kd4 44. Rxf7 Rd2+ 45. Kg3 Ke3
46. Rf6 e5 47. Rxg6 Rc2 48. Rxe5 Rdd2 49. Kh3 Rxb2 50. Rxh5 Rxa2 51. Rhg5 Rd1
52. Rg3 Rh1+ 53. Kg4 Ra5 54. Rg5 Ra8 55. h5 Rf8 56. Rh3 Rf4+ 57. Kg3 Rg1 58.
Kh2 Kf2 59. h6 1-0

[Event "XXVe Open de Metz"]
[Site "Metz"]
[Date "2007.04.22"]
[Round "9.11"]
[White "Haub, Thorsten-Michael"]
[Black "Aguettaz, Maxime"]
[Result "1/2-1/2"]
[WhiteElo "2468"]
[BlackElo "2329"]
[PlyCount "97"]

1. Nf3 c5 2. g3 Nc6 3. d3 g6 4. Bg2 Bg7 5. O-O e5 6. e4 Nge7 7. c3 O-O 8. Nbd2
d6 9. Nh4 g5 10. Nhf3 Ng6 11. Nc4 h6 12. Ne3 Be6 13. Nf5 Qd7 14. h4 f6 15. Nh2
Nce7 16. h5 Nh8 17. Nxg7 Kxg7 18. d4 Rac8 19. d5 Bg8 20. f4 Bh7 21. Be3 Nf7 22.
Qd2 exf4 23. gxf4 gxf4 24. Rxf4 Ng5 25. Ng4 Ng8 26. Raf1 Rce8 27. Nf2 Re7 28.
c4 Qe8 29. Rh4 Kh8 30. Bf4 Rg7 31. Kh2 Qe7 32. Bg3 f5 33. Qf4 fxe4 34. Qxd6 e3
35. Qxe7 Nxe7 36. Rf4 Rxf4 37. Bxf4 exf2 38. Be5 Nf7 39. Bf6 Nd6 40. b3 Kg8 41.
Bxg7 Kxg7 42. Rxf2 Bf5 43. Kg3 Bd7 44. Kf4 Kf6 45. Bf3 a6 46. Bg4 Bxg4 47.
Kxg4+ Nef5 48. Kf4 Ng7 49. Rh2 1/2-1/2

[Event "XXVe Open de Metz"]
[Site "Metz"]
[Date "2007.04.22"]
[Round "9.12"]
[White "Zozulia, Anna"]
[Black "Kozhuharov, Spas"]
[Result "0-1"]
[WhiteElo "2344"]
[BlackElo "2433"]
[PlyCount "112"]

1. e4 c5 2. Nf3 d6 3. Nc3 Nf6 4. Bb5+ Nbd7 5. e5 dxe5 6. Nxe5 e6 7. d4 a6 8.
Nxd7 Bxd7 9. Bxd7+ Qxd7 10. dxc5 Qc6 11. O-O Bxc5 12. Bg5 Rd8 13. Qe2 Bd4 14.
Nd1 h6 15. Bf4 O-O 16. c3 Ba7 17. Re1 Nd5 18. Bg3 Rd7 19. Qe4 Rfd8 20. Be5 f6
21. Bd4 Bxd4 22. Qxd4 e5 23. Qe4 Nf4 24. Qxc6 bxc6 25. Ne3 Nd3 26. Re2 Kf7 27.
h4 h5 28. Rd1 Ke6 29. Kf1 f5 30. Nc4 e4 31. f3 Nc5 32. Rxd7 Rxd7 33. fxe4 Nxe4
34. Ke1 c5 35. Na5 Ke5 36. Nc4+ Kf4 37. a4 Rd8 38. Ne3 Rd3 39. Nc4 Rg3 40. Nd2
Nxd2 41. Rxd2 Kg4 42. Kf2 Kxh4 43. Rd5 f4 44. Rxc5 g5 45. b4 Rd3 46. c4 g4 47.
b5 Rd2+ 48. Kf1 axb5 49. cxb5 Rb2 50. a5 Rb1+ 51. Ke2 f3+ 52. gxf3 g3 53. Rc4+
Kh3 54. Rc5 h4 55. Rg5 g2 56. b6 Kh2 0-1

[Event "XXVe Open de Metz"]
[Site "Metz"]
[Date "2007.04.22"]
[Round "9.13"]
[White "Peric, Slavisa"]
[Black "Prasad, Devaki V"]
[Result "0-1"]
[WhiteElo "2289"]
[BlackElo "2413"]
[PlyCount "78"]

1. d4 Nf6 2. g3 e6 3. Bg2 c5 4. e3 d5 5. Nd2 Nc6 6. Ngf3 Be7 7. O-O O-O 8. c4
b6 9. Ne5 Bb7 10. Nxc6 Bxc6 11. dxc5 bxc5 12. b3 Qb6 13. Bb2 Rfd8 14. Qc2 d4
15. Bxc6 Qxc6 16. e4 e5 17. Qd3 a5 18. a4 Rab8 19. h3 Rb7 20. f4 exf4 21. gxf4
Nh5 22. Qf3 Qh6 23. Rad1 Rb6 24. f5 Qe3+ 25. Kg2 Rh6 26. Qxe3 dxe3 27. Nf3 Nf4+
28. Kg3 Nd3 29. Rb1 e2 30. Rg1 e1=Q+ 31. Rbxe1 Nxb2 32. Re2 Nd3 33. Rd2 Ne5 34.
Rxd8+ Bxd8 35. Nxe5 Bc7 36. Kf4 Rh4+ 37. Kg5 Bd8+ 38. f6 Bxf6+ 39. Kf5 Rh5+ 0-1

[Event "XXVe Open de Metz"]
[Site "Metz"]
[Date "2007.04.22"]
[Round "9.14"]
[White "Marzolf, Bruno"]
[Black "Pytel, Krzysztof"]
[Result "1/2-1/2"]
[WhiteElo "2259"]
[BlackElo "2396"]
[PlyCount "92"]

1. e4 e6 2. d4 d5 3. Nc3 Nf6 4. Bg5 dxe4 5. Nxe4 Be7 6. Bxf6 gxf6 7. Nf3 b6 8.
Bb5+ c6 9. Bd3 Bb7 10. Qe2 Qc7 11. c3 Nd7 12. O-O Nf8 13. Ba6 Ng6 14. Bxb7 Qxb7
15. Qe3 h5 16. a4 h4 17. Rfd1 h3 18. g3 Rd8 19. c4 Kf8 20. Rd3 Kg7 21. Rad1 f5
22. Nc3 Bf6 23. Ne1 Rhe8 24. f4 c5 25. Ne2 Qc6 26. b3 cxd4 27. Nxd4 Qc5 28.
Nec2 Kg8 29. Nf3 Rxd3 30. Rxd3 Qc6 31. Qf2 e5 32. fxe5 Nxe5 33. Nxe5 Rxe5 34.
Qf3 Qe6 35. Kf1 Be7 36. Rd5 Bc5 37. b4 Bf8 38. Nd4 Qf6 39. Rxe5 Qxe5 40. Qd5
Qe3 41. Nxf5 Qc1+ 42. Ke2 Qc2+ 43. Ke3 Qxh2 44. Qd1 Qg2 45. Qg4+ Kh7 46. Qh5+
Kg8 1/2-1/2

[Event "XXVe Open de Metz"]
[Site "Metz"]
[Date "2007.04.22"]
[Round "9.15"]
[White "Kasparova, Tatiana"]
[Black "Laurent, Bruno"]
[Result "0-1"]
[WhiteElo "2218"]
[BlackElo "2399"]
[PlyCount "110"]

1. Nf3 Nf6 2. g3 g6 3. Bg2 Bg7 4. O-O O-O 5. d4 d6 6. Re1 Nbd7 7. e4 e5 8. Nc3
c6 9. a4 Qa5 10. h3 Re8 11. Be3 exd4 12. Bxd4 Ne5 13. Nxe5 dxe5 14. Be3 Be6 15.
Qe2 Qb4 16. Reb1 a5 17. Qe1 h5 18. Ne2 Qe7 19. Nc1 h4 20. g4 Nd7 21. Qd2 Nf8
22. Nd3 Bc4 23. Nc5 b6 24. Qc3 Be2 25. Re1 Bxg4 26. hxg4 bxc5 27. Bxc5 Qg5 28.
Qf3 Ne6 29. Be3 Qe7 30. c3 Bf6 31. Red1 Bg5 32. Rd2 Bxe3 33. Qxe3 Nf4 34. Rad1
Red8 35. Bf3 Rab8 36. Kh2 Rxd2 37. Rxd2 Rd8 38. Kg1 Rd7 39. Rxd7 Qxd7 40. b4
Qd8 41. Kh2 Qa8 42. Bd1 Qa6 43. Kg1 h3 44. Qd2 Qc4 45. Bf3 Kg7 46. g5 c5 47. b5
Qxa4 48. b6 Qb3 49. b7 Qxb7 50. Qd6 Ne6 51. Qxe5+ Kg8 52. Bg4 Qb1+ 53. Kh2 Qf1
54. Bxh3 Qxf2+ 55. Bg2 Nf4 0-1

[Event "XXVe Open de Metz"]
[Site "Metz"]
[Date "2007.04.22"]
[Round "9.16"]
[White "Guliyev, Namig"]
[Black "Vignale, Stephane"]
[Result "1-0"]
[WhiteElo "2590"]
[BlackElo "2088"]
[PlyCount "75"]

1. e4 c6 2. d4 d5 3. exd5 cxd5 4. c4 Nf6 5. Nc3 e6 6. Nf3 Be7 7. Bd3 O-O 8. O-O
b6 9. cxd5 Nxd5 10. Nxd5 exd5 11. Re1 Bf6 12. Ne5 Ba6 13. Bf4 Bxd3 14. Qxd3
Bxe5 15. dxe5 Nd7 16. Qxd5 Nc5 17. Rad1 Qxd5 18. Rxd5 Ne6 19. Be3 Rfd8 20. Red1
Kf8 21. f4 Ke7 22. Kf2 Rxd5 23. Rxd5 Rc8 24. Kf3 Rc2 25. Rd2 Rc7 26. f5 Nc5 27.
Bg5+ f6 28. exf6+ gxf6 29. Bf4 Rd7 30. Rxd7+ Kxd7 31. Be3 Nd3 32. Bd4 Ke7 33.
Ke4 Nb4 34. a3 Nc6 35. Kd5 Nd8 36. g4 h5 37. gxh5 Nf7 38. Be3 1-0

[Event "XXVe Open de Metz"]
[Site "Metz"]
[Date "2007.04.22"]
[Round "9.17"]
[White "Maruejols, Claude"]
[Black "Sulava, Nenad"]
[Result "1/2-1/2"]
[WhiteElo "2033"]
[BlackElo "2549"]
[PlyCount "50"]

1. d4 e6 2. c4 Bb4+ 3. Bd2 a5 4. e4 d6 5. Nf3 Nc6 6. Nc3 e5 7. a3 Bxc3 8. Bxc3
f6 9. Be2 Nh6 10. h3 O-O 11. O-O Qe8 12. Bd3 Kh8 13. b4 a4 14. Bc2 Bd7 15. Qd2
Ne7 16. Ne1 Ng6 17. Nd3 b6 18. f4 exd4 19. Bxd4 c5 20. Bc3 Bc6 21. Rae1 Qf7 22.
e5 fxe5 23. fxe5 Qxc4 24. exd6 Nf7 25. Nf4 cxb4 1/2-1/2

[Event "XXVe Open de Metz"]
[Site "Metz"]
[Date "2007.04.22"]
[Round "9.20"]
[White "Amram, Roger"]
[Black "Schweitzer, Viktoriya"]
[Result "0-1"]
[WhiteElo "1823"]
[BlackElo "2243"]
[PlyCount "90"]

1. e4 d6 2. d4 Nf6 3. Bd3 e5 4. c3 d5 5. dxe5 Nxe4 6. Nf3 Nc6 7. O-O Bg4 8.
Bxe4 dxe4 9. Qxd8+ Rxd8 10. Ng5 Be2 11. Re1 Bd3 12. Nd2 Be7 13. Ngxe4 Nxe5 14.
Ng3 f6 15. Nb3 Kf7 16. Bf4 Bd6 17. Bxe5 Bxe5 18. Nc5 b6 19. Nxd3 Rxd3 20. Rad1
Rhd8 21. Rxd3 Rxd3 22. Kf1 Bf4 23. Rb1 Bxg3 24. hxg3 Rd2 25. Ke1 Rc2 26. g4 Kg6
27. g3 c5 28. Kf1 Kg5 29. a3 Kxg4 30. Kg2 h5 31. b4 Rxc3 32. bxc5 Rxc5 33. Rb4+
Kf5 34. Rb3 b5 35. Rd3 a5 36. Rd7 g6 37. Rb7 Ke5 38. f4+ Kd4 39. Rb6 Rf5 40.
Ra6 a4 41. Rc6 h4 42. Kh3 hxg3 43. Kxg3 g5 44. fxg5 fxg5 45. Kg4 Rc5 0-1

[Event "XXVe Open de Metz"]
[Site "Metz"]
[Date "2007.04.22"]
[Round "9.39"]
[White "Unikowski, Michel"]
[Black "Bazille, Reynald"]
[Result "0-1"]
[WhiteElo "1760"]
[BlackElo "1850"]
[PlyCount "54"]

1. d4 e6 2. c4 d5 3. Nf3 Nf6 4. Bg5 Nbd7 5. Nc3 c6 6. e3 Be7 7. cxd5 exd5 8.
Bd3 O-O 9. O-O Re8 10. h3 Ne4 11. Nxe4 dxe4 12. Bxe4 Bxg5 13. Bd3 Be7 14. g3
Nf6 15. Kg2 c5 16. dxc5 Bxc5 17. Qc2 b6 18. Rfe1 Bb7 19. e4 Rc8 20. Qb1 h6 21.
g4 Nd7 22. b4 Bd6 23. Kg1 Ne5 24. Nxe5 Bxe5 25. f4 Qd4+ 26. Kh1 Rc3 27. Bc2 Qd2
0-1

[Event "XXVe Open de Metz"]
[Site "Metz"]
[Date "2007.04.22"]
[Round "9.45"]
[White "Spoone, John Paul"]
[Black "Bormann, Marco"]
[Result "1-0"]
[WhiteElo "1420"]
[BlackElo "1499"]
[Annotator "Bormann,Marco"]
[PlyCount "59"]

1. e4 d6 2. Nf3 Nf6 3. d3 g6 4. g3 Bg7 5. Bg2 O-O 6. O-O
e5 7. Nbd2 Re8 8. a4 c6 9. Nc4 Bg4 10. Ne3 Bxf3 11. Qxf3 Na6 12. Bd2 Nc7 13. h4
d5 14. Rad1 dxe4 15. dxe4 Qe7 16. Bh3 Ne6 17. c3 Nc5 18. Ng4 Nxg4 19. Bxg4 Nxa4
20. Bg5 f6 21. Rd7 Qf8 22. Be3 Re7 23. Rfd1 Rxd7 24. Rxd7 b6 25. h5 g5 26. Be6+
Kh8 27. Qf5 h6 28. Qg6 Re8 29. Rf7 Qg8 30. Rxg7 1-0